=LDR 00000nam 2200000 4500 =001 NUTBA000000000005349 =005 20141028115535.0 =006 =007 =008 =020 ##$$a 979.744.695-0 =035 ##$$a 0010-101400000000579 =040 ##$$a NBPDMAT =082 ##$$a 634.9 =090 ##$$a 634.9 Poe u =100 ##$$a PK. Poerwantana =245 ##$$a Usaha melestarikan hutanku$cPK. Poerwantanaq =260 ##$$a Jakarta : Ganeca Exact, 2006 =300 ##$$a iv, 50 hlm$bilus$20 cm =500 ##$$a Bibliografi hlm : 50 =650 ##$$a Hutan dan Kehutanan-Pelestarian =850 ##$$a NBPDMAT